Compendio 2014: taller primer año Arquitectura
Furkejuvvon:
| Váldodahkkit: | , , |
|---|---|
| Eará dahkkit: | |
| Materiálatiipa: | Girji |
| Giella: | espánnjágiella |
| Almmustuhtton: |
Valparaíso
Escuela de Arquitectura y Diseño PUCV
2015
|
| Preanttus: | 1a. ed |
| Fáttát: | |
| Fáddágilkorat: |
Lasit fáddágilkoriid
Eai fáddágilkorat, Lasit vuosttaš fáddágilkora!
|
MARC
| LEADER | 00000cam a2200000 a 4500 | ||
|---|---|---|---|
| 001 | UCE6428 | ||
| 003 | CL-VaPUC | ||
| 008 | 150409e20150100cl |||||||||||||||||spa|d | ||
| 082 | 0 | 4 | |a 720 |b CAR |2 21 |
| 100 | |a Cáraves Silva, Patricio |e autor |9 709220 | ||
| 700 | |a Ferrada Herrera, Jorge Alfonso |e autor |9 824254 | ||
| 700 | 0 | |a Donoso Araya, María Elisa |e author |9 579093 | |
| 700 | 0 | |a Reed Díaz, María Belén |e author |9 579094 | |
| 245 | 1 | 0 | |a Compendio 2014: taller primer año Arquitectura |
| 250 | |a 1a. ed | ||
| 300 | |a 290 p | ||
| 942 | |c BK | ||
| 945 | |d 20150409 10:07:00 |a arojas | ||
| 260 | |a Valparaíso |b Escuela de Arquitectura y Diseño PUCV |c 2015 | ||
| 650 | 0 | |a Filosofía de la arquitectura |9 267382 | |
| 650 | 0 | |a Talleres educacionales |9 339158 | |
| 650 | 0 | |a Historia de la arquitectura |9 266241 | |
| 583 | |a last modification |c 20150409 10:07:00 |k Rodrigo Vera | ||
| 999 | |c 358760 |d 358758 | ||
| 952 | |0 0 |1 0 |3 erb |4 0 |6 720_000000000000000_CAR_2015 |7 0 |8 R |9 467649 |a BIBARQ |b BIBARQ |i 5145317 |l 2 |o 720 CAR 2015 |p 5145317 |r 2025-01-20 |s 2023-11-28 |w 2019-11-23 |y BK_R |z Catalogado en:20150409 |k ARQ | ||